| 000 | 00660nam a2200217 a 4500 | ||
|---|---|---|---|
| 001 | ASIN1408822873 | ||
| 003 | OSt | ||
| 005 | 20170105102909.0 | ||
| 008 | 131025s2013 xxu eng d | ||
| 020 | _a1408822873 (paperback) | ||
| 020 | _a9781408822876 (paperback) | ||
| 040 | _aa | ||
| 082 |
_a958.103 _bDAL 2013 |
||
| 100 | 1 | _aDalrymple, William. | |
| 245 | 1 | 4 |
_aThe return of a king / _cWilliam Dalrymple. |
| 250 | _aExport/Airside ed. | ||
| 260 |
_a[S.l.] : _bBloomsbury Publishing PLC, _c2013. |
||
| 300 |
_a1 v. (unpaged) ; _c24 cm. |
||
| 856 | 4 | 0 |
_3Amazon.com _uhttp://www.amazon.com/exec/obidos/ASIN/1408822873/chopaconline-20 |
| 942 |
_2ddc _cBK |
||
| 999 |
_c15004 _d15004 |
||